22 Royal Movies Quiz Stats

 Plays Quiz Updated May 5, 2015

Challenge
Share
Tweet
Score 0/22 Timer 07:00
0 Plays Today
% Correct
The Lion King
98.7%
The Princess and the Frog
89.4%
The Princess Diaries
87.5%
The King's Speech
87.2%
King Kong
83%
The Princess Bride
83%
Harry Potter and the Half-Blood Prince
77.7%
The King and I
74.7%
The Lord of the Rings: The Return of the King
71.4%
The Queen
67.8%
The Prince of Egypt
62%
% Correct
Prince of Persia: The Sands of Time
56.7%
The Scorpion King
52.4%
Three Kings
51.9%
The Last King of Scotland
49.4%
The African Queen
42%
Robin Hood: Prince of Thieves
39.6%
Queen of the Damned
34.1%
The Fisher King
33.6%
King Ralph
33.1%
Princess Mononoke
29.3%
The Adventures of Priscilla, Queen of the Desert
22.8%

You're not logged in!

Compare scores with friends on all Sporcle quizzes.
OR
Log In

You Might Also Like...

Show Comments

Extras

Top Quizzes Today


Score Distribution

Your Account Isn't Verified!

In order to create a playlist on Sporcle, you need to verify the email address you used during registration. Go to your Sporcle Settings to finish the process.

Report this User

Report this user for behavior that violates our Community Guidelines.

Details: